000 01184cam a22002655a 4500
999 _c15933
_d15933
003 EG-ScBUE
005 20190730143103.0
008 110828s1984 ua ||||gr||| 00|10 aaradd
017 _a84/2731
040 _aEG- ScBUE
_bEG- ScBUE
_cEG- ScBUE
082 _222
_a338.76
_bإ ي ف
100 1 _926948
_aإيفاشيفا، فالينتينا.
245 1 2 _aفى صحبة العمالقة :
_bقصص نجاح أعظم مؤسسى شركات الكمبيوتر فى العالم /
_cبقلم جاجر أورتيز ؛ ترجمة ليلى زيدان ؛ مراجعة فايزة حكيم
260 _aالقاهرة :
_bالدار الدولية للاستثمارات الثقافية ،
_c2001.
300 _a363 ص ؛
_c24 سم.
650 0 _926949
_aالشركات الدولية
_2BUEsh
650 0 _926950
_aالشركات الإستثمارية
_2BUEsh
650 0 _926951
_aالحسابات الالكترونية
_xتنظيم وإدارة
_2BUEsh
651 _2BUEsh
653 _cAugust2011
700 1 _926947
_aأورتيز ، جاجر
_eبقلم
700 1 _926952
_aزيدان ، ليلى
_eترجمة
700 1 _916084
_aحكيم، فايزة
_eمراجعة
942 _2ddc
_cBB